Power up your profits (Бичлэгийн дугаар. 145260)
| 000 -УДИРДЛАГА | |
|---|---|
| Удирдлага | 00849nam a22003017a 4500 |
| 003 - ХЯНАЛТЫН ТОО ТОДОРХОЙЛОГЧ | |
| Код | MN-UlNUM |
| 005 - БИЧИЛТ ХИЙСЭН ОГНОО | |
| Тухайн бичилтийг бичсэн засварласан сүүлийн огноо | 20251104111028.0 |
| 008 - ЕРӨНХИЙ МЭДЭЭЛЭЛ | |
| Ерөнхий мэдээлэл | 251104s2005 njuab||| |||| 001 0 eng d |
| 020 ## - ISBN | |
| ISBN | 0471651499 |
| 040 ## - БИЧЛЭГ ҮҮСГЭГЧ БАЙГУУЛЛАГА | |
| Бичлэг үүсгэгч номын сангийн код | МУИС-ийн номын сан |
| 084 ## - ББК АНГИЛАЛ | |
| Нэмэлт тусгалт | Нэг сэдэвт бүтээл |
| ББК ангилал | 65.05 |
| Зохиогчийн гурван тэмдэгт | W 34 |
| Мэдлэгийн ялгаа | 65 - Эдийн засаг |
| 100 1# - ЗОХИОГЧ | |
| Зохиогчийн нэр | Waugh, Troy |
| 245 10 - ҮНДСЭН ГАРЧИГ | |
| Номын нэр | Power up your profits |
| Бага гарчгийн мэдээ | 31 days to better selling |
| Оролцогчдын тухай мэдээ | Troy Waugh |
| 250 ## - ДАХИН ХЭВЛЭЛТ | |
| Дахин гаралтын дугаар | 2nd ed |
| 260 ## - ГАРАЛТЫН МЭДЭЭ | |
| Хэвлэгдсэн газар | Hoboken, N.J. : |
| Хэвлэлийн газар | John Wiley & Sons, |
| Хэвлэгдсэн он | 2005. |
| 300 ## - МАТЕРИАЛЫН ТОДОРХОЙЛОЛТ | |
| хуудасны тоо | xxi, 346 p. : |
| Бусад тоон мэдээлэл | ill. ; |
| Хэмжээ | 24 cm. |
| 500 ## - Тайлбар | |
| Дансны дугаар | БС 1895-1896 |
| 546 ## - ХЭЛНИЙ ТУХАЙ МЭДЭЭ | |
| Хэл | Англи хэл дээр, |
| 653 ## - Түлхүүр үг | |
| Түлхүүр үг | Selling |
| 653 ## - Түлхүүр үг | |
| Түлхүүр үг | Marketing |
| 653 ## - Түлхүүр үг | |
| Түлхүүр үг | Strategic planning |
| 740 ## - НОМЫН ГАРЧИГ | |
| Гарчиг | Better Selling Starts With You |
| 740 ## - НОМЫН ГАРЧИГ | |
| Гарчиг | Target Better Clients |
| 740 ## - НОМЫН ГАРЧИГ | |
| Гарчиг | Better Selling Helps Your Clients |
| 740 ## - НОМЫН ГАРЧИГ | |
| Гарчиг | Power Tools For Better Selling |
| 942 ## - ЭЛЕМЕНТИЙН ТӨРӨЛ | |
| Зүйлийн төрөл | Ном |
